Verbi irregolari al presente in spagnolo - Statistics

General Stats
  • This quiz has been taken 43 times
  • The average score is 30 of 41
Answer Stats
Hint Answer % Correct
dormire dormir
97%
pensare pensar
97%
potere poder
97%
morire morir
94%
essere ser
94%
suonare (il campanello) sonar
94%
sognare sonar
94%
conoscere conocer
90%
andare ir
87%
sentire (percezione interiore) sentir
87%
costare costar
84%
incontrare/trovare encontrar
84%
fare hacer
84%
giocare jugar
84%
volere/amare querer
84%
sapere saber
84%
vestire vestir
84%
chiudere cerrar
81%
essere-stare estar
81%
perdere perder
81%
uscire salir
81%
servire servir
81%
avere tener
81%
ricordare recordar
77%
venire venir
77%
iniziare empezar
74%
fare merenda merendar
74%
tornare volver
74%
dare dar
71%
dire decir
71%
capire entender
65%
sentire oir
61%
cominciare comenzar
52%
chiedere pedir
52%
mettere poner
52%
essere soliti soler
48%
misurare medir
42%
portare traer
39%
scaldare calentar
29%
prendere coger
23%
annaffiare regar
19%
No matching quizzes found
Score Distribution
Percent of People with Each Score
Percentile by Number Answered
Your Score History
You have not taken this quiz